[Event "GER-chT U10"]
[Site "Magdeburg"]
[Date "2015.12.28"]
[Round "3.3"]
[White "Gorodezki, Andrey"]
[Black "Yin, Haode"]
[Result "0-1"]
[WhiteElo "1075"]
[BlackElo "1110"]
[PlyCount "68"]
[EventDate "2015.12.27"]
[EventType "team-swiss"]
[EventRounds "7"]
[EventCountry "GER"]
[SourceTitle "EXT 2017"]
[Source "ChessBase"]
[SourceDate "2016.10.25"]
[SourceVersion "1"]
[SourceVersionDate "2016.10.25"]
[SourceQuality "1"]
[WhiteTeam "Berlin Schachpinguine II"]
[BlackTeam "Paderborn Akademie"]
[WhiteTeamCountry "GER"]
[BlackTeamCountry "GER"]

1. e4 e6 2. Nc3 d5 3. d4 dxe4 4. Nxe4 Nd7 5. Nf3 Ngf6 6. Nc3 h6 7. Bc4 Bd6 8. 0-0 0-0 9. Be3 Re8 10. Qd3 e5 11. dxe5 Nxe5 12. Nxe5 Bxe5 13. Qxd8 Rxd8 14. Rad1 Bf5 15. Bd3 Bxd3 16. Rxd3 Rxd3 17. cxd3 c6 18. d4 Bc7 19. Rd1 Bb6 20. b4 Rd8 21. a4 a5 22. b5 Nd5 23. Nxd5 Rxd5 24. bxc6 bxc6 25. g4 c5 26. f4 cxd4 27. Kf1 Rd8 28. Bf2 Rb8 29. Bxd4 Rd8 30. Kg2 Rxd4 31. Rxd4 Bxd4 32. h4 f6 33. Kf3 Bc3 34. Ke4 Kf7 0-1